| 000 | 00000nam##2200000za#4500 |
| 001 | 9.639704 |
| 003 | CaOODSP |
| 005 | 20250319165015 |
| 007 | cr ||||||||||| |
| 008 | 150407|1999||||xxc|||||o f|0| 0 fre|d |
| 040 | |aCaOODSP|bfre |
| 043 | |an-cn--- |
| 086 | 1 |aH88-3/24-1999F-PDF |
| 110 | 1 |aCanada.|bDivision du vieillissement et des aînés. |
| 245 | 10|aSoins de longue durée à l'intention des aînés : |h[ressource électronique]|bdes modèles innovateurs des meilleures pratiques : rapport / |cpréparé à la demande du Comité fédéral-provincial-territorial des hauts fonctionnaires (aînés) pour les ministres responsables des aînés. |
| 260 | |aOttawa - Ontario : |bSanté Canada. |cMars 1999. |
| 300 | |a79p.|btableaux |
| 590 | |a12-17-Supp|b2012-04-20 |
| 691 | 07|aAîné|2gcpds |
| 691 | 07|aInnovation|2gcpds |
| 691 | 07|aSoin de la personne âgée|2gcpds |
| 775 | 08|tInnovations in best-practice models of continuing care for seniors : |w(CaOODSP)9.695571 |
| 776 | 0#|tSoins de longue durée à l'intention des aînés : |w(CaOODSP)9.680732 |
| 856 | 40|ahttp://publications.gc.ca|qPDF|s200 Ko|uhttps://publications.gc.ca/collections/Collection/H88-3-24-1999F.pdf |